22 Temmuz 2007 Pazar günü yapılacak XXIII. dönem milletvekili genel seçiminde sandık kurullarının görev ve yetkilerini gösterir genelge (Record no. 7504)

MARC details
000 -BAŞLIK
Sabit Uzunlukta Kontrol Alanı 01203na a2200313 4500
999 ## - SİSTEM KONTROL NUMARALARI (KOHA)
Koha Biblionumber 7504
Koha Biblioitemnumber 7504
001 - KONTROL NUMARASI
Denetim Alanı 21107
003 - KONTROL NUMARASI IDENTIFIER
Denetim Alanı MIRAKIL
005 - SON İŞLEM TARİHİ VE ZAMANI
Denetim Alanı 20200703120405.0
008 - SABİT-BOY VERİ ELEMANLARI - GENEL BİLGİLER
Sabit Uzunlukta Kontrol Alanı 170131b tu 000 0
040 ## - KATALOGLAMA KAYNAK
Orijinal Kataloglama Ajansı Milas
Kataloglama Dili tur
Metne Dönüştürmek Ajansı TR-AnCHP
041 ## - DİL KODU
Metin / Ses Parça Veya Ayrı Başlığın Dil Kodu tur
082 ## - DEWEY ONLU SINIFLANDIRMA NUMARASI
Sınıflandırma Numarası CHP 324.65
Ürün Numarası T1974g 2007
090 ## - SINIFLAMA NUMARASI
Sınıflama Numarası CHP 324.65 T1974g 2007
110 ## - ANA GİRİŞ - KURUMSAL ADI
Giriş Elemanı Olarak Kurumsal Ad Veya Yargı Alanı Adı Türkiye Cumhuriyeti
Toplantı Veya Antlaşma İmzalandığı Tarihi Yüksek Seçim Kurulu Başkanlığı
222 ## - ANAHTAR ADI
Anahtar Başlık Genelgeler, vb.
245 ## - BAŞLIK TABLOSU
Başlık 22 Temmuz 2007 Pazar günü yapılacak XXIII. dönem milletvekili genel seçiminde sandık kurullarının görev ve yetkilerini gösterir genelge
Sorumluluk Tablosu, Vb [yayınlayan] CHP
246 ## - UNVAN FORM VARYING
Başlık Doğru / Kısa Başlığı CHP 2007 milletvekili seçimleri genelgesi
260 ## - YAYIN, DAĞITIM, VB
Yayın, Dağıtım, Vb Yeri Ankara
Yayıncı, Dağıtıcı, Vs Adı [CHP]
Yayın, Dağıtım, Vb Tarihi 2007
300 ## - FİZİKSEL TANIM
Kapsam 32 s.
Boyutlar 15 sm.
440 ## - SERİSİ TABLOSU / KATMA GİRİŞİ - BAŞLIK
Başlık Yüksek Seçim Kurulu Başkanlığı Yayınları
440 ## - SERİSİ TABLOSU / KATMA GİRİŞİ - BAŞLIK
Başlık Cumhuriyet Halk Partisi yayınları
Bir İşin Parçası / Bölümün İsmi Genelgeler
610 ## - KONU KATMA GİRİŞ - TOPLANTI ADI
Giriş Elemanı Olarak Kurumsal Ad Veya Yargı Alanı Adı Yüksek Seçim Kurulu
Genel Alt Bölüm Genel seçimler, 2007
Kronolojik Alt Bölüm Genelgeler
610 ## - KONU KATMA GİRİŞ - TOPLANTI ADI
Giriş Elemanı Olarak Kurumsal Ad Veya Yargı Alanı Adı Cumhuriyet Halk Partisi (CHP)
Genel Alt Bölüm Genel seçimler, 2007
Kronolojik Alt Bölüm Genelgeler
610 ## - KONU KATMA GİRİŞ - TOPLANTI ADI
Giriş Elemanı Olarak Kurumsal Ad Veya Yargı Alanı Adı Cumhuriyet Halk Partisi (CHP)
Genel Alt Bölüm Genelgeler, 2007
Kronolojik Alt Bölüm Sandık kurulu üyeleri
830 ## - SERİSİ EKLENDİ GİRİŞ - ÜNİFORM ADI
Üniforma Başlık CHP genelgeleri
942 ## - EKLENDİ GİRİŞ ELEMANLARI (KOHA)
Sınıflandırma Veya Raf Düzeni Kaynak Dewey Decimal Classification
Koha Öğesi Türü Books
999 ## - SİSTEM KONTROL NUMARALARI (KOHA)
Koha Biblioitemnumber 7504
Holdings
Kalıcı Konum Mevcut Konum Edinme Tarihi Edinim Kaynak Toplam Check-Out'Lar Tam Çağrı Numarası Barkod Tarih Son Görülme İtibaren Geçerli Fiyatlar Koha Öğesi Türü
CHP Kütüphanesi CHP Kütüphanesi 01/31/2017 Bağış   CHP 324.65 T1974g 2007 013284 01/31/2017 01/31/2017 Books